000 00375nam a2200109Ia 4500
008 160909s9999 xx 000 0 und d
100 _aCartwright, Kelly Sue
245 _aExploring the Human Dimension of Conservation Gardening
260 _bPrescott College.
_c2016
650 _aHUMAN RESOURCE MANAGEMENT
856 _uhttp://pqdtopen.proquest.com/doc/1801724755.html?FMT=ABS
999 _c304716
_d304716